Distribución del ingreso, pobreza y empleo en áreas urbanas (Registro nro. 24394)

Detalles MARC
000 -LEADER
fixed length control field 00390 a2200121 4500
001 - CONTROL NUMBER
control field ART_8603
005 - DATE AND TIME OF LATEST TRANSACTION
control field 20260410161844.0
008 - FIXED-LENGTH DATA ELEMENTS--GENERAL INFORMATION
fixed length control field 260409a
100 1# - MAIN ENTRY--PERSONAL NAME
Personal name Tokman, Víctor E.
245 10 - TITLE STATEMENT
Title Distribución del ingreso, pobreza y empleo en áreas urbanas
700 1# - ADDED ENTRY--PERSONAL NAME
Personal name Souza, Paulo R.
773 0# - HOST ITEM ENTRY
Title El trimestre económico
Related parts - Vol. XLV, Nº 179 (jul./set. 1978)
Record control number REV6933

No hay ítems disponibles.